Krakowskie linie tramwajowe po ich trasach - Statystyki

Ogólne statystyki
  • Ten quiz został rozwiązany 139 razy
    25 od ostatniego zresetowania
  • Średni wynik to 12 z 14
Statystyki odpowiedzi
Pętle Linia % Poprawnych
Wzgórza Krzesławickie - Salwator 1
100%
Czerwone Maki P+R - Os. Piastów 52
96%
Czerwone Maki P+R - Górka Narodowa P+R 18
92%
Wzgórza Krzesławickie - Bronowice Małe 4
92%
Borek Fałęcki - Górka Narodowa P+RKurdwanów - Górka Narodowa P+R (trasa skrócona) 50
92%
Kurdwanów P+R - Bronowice Małe 24
88%
Nowy Bieżanów P+R - Krowodrza Górka P+R 3
88%
Borek Fałęcki - Bronowice Małe 8
88%
Kurdwanów P+R - Pleszów 10
83%
Borek Fałęcki - Kopiec Wandy 22
83%
Wzgórza Krzesławickie - Krowodrza Górka P+R 5
83%
Czerwone Maki - Dworzec Towarowy 17
79%
Czerwone Maki P+R - Mały Płaszów P+R 11
71%
Os. Piastów - Pleszów 21
71%
Nie znaleziono quizów pasujących do podanych kryteriów
Rozkład punktacji
Procent ludzi z każdym wynikiem
Percentyl według liczby udzielonych odpowiedzi
Twoja historia wyników
Nie rozwiązałeś tego quizu od ostatniego zresetowania